header

Cam Jansen and the Mystery at the Haunted House (Record no. 260948)

MARC details
000 -LEADER
fixed length control field 00267nam a22001097a 4500
020 ## - INTERNATIONAL STANDARD BOOK NUMBER
ISBN 9780590216944
100 ## - MAIN ENTRY--AUTHOR NAME
Personal name David A. Adler
245 ## - TITLE STATEMENT
Title Cam Jansen and the Mystery at the Haunted House
260 ## - PUBLICATION, DISTRIBUTION, ETC. (IMPRINT)
Place of publication New York
Name of publisher Scholastic
Year of publication 1992
300 ## - PHYSICAL DESCRIPTION
Number of Pages 58 pgs
942 ## - ADDED ENTRY ELEMENTS (KOHA)
Koha item type Long Loan Books
Holdings
Withdrawn status Lost status Collection code Home library Current library Shelving location Date acquired Accession Number Koha item type
    Fiction Rongo University Library Rongo University Library Children's Area 25/10/2023 CL20222562 Long Loan Books
    Fiction Rongo University Library Rongo University Library Children's Area 25/10/2023 CL2021615 Long Loan Books

© 2026 Rongo University
Contact us: librarian | system librarian | Rongo university